Získaš a presvedčíš osobným príkladom Výňatok zo správy Predsedníctva SÚV SZM prednesenej podpredsedom SÚV SZM Dušanom Longauerom na 7. zasadnutí SÚV SZM

Bibliographic Details
Format: Article
Language:Slovak
Subjects:

MARC

LEADER 00000nab a2200000 a 4500
001 vtls000172980
003 SK-MaSNL
005 20260426101854.0
008 111104c1984 xo 0 slo
015 |a SNBRB19rr/mm-uuuuu 
035 |a CL0183092 
040 |a SNKBUCL  |b slo  |c SNKBUCL  |e AACR2 
041 0 |a slo 
044 |a xo  |c SK 
080 |a 329.78(437)SZM  |2 1981 
080 |a 329.78(437)PO SZM  |2 1981 
245 0 0 |a Získaš a presvedčíš osobným príkladom  |b Výňatok zo správy Predsedníctva SÚV SZM prednesenej podpredsedom SÚV SZM Dušanom Longauerom na 7. zasadnutí SÚV SZM 
610 2 7 |a Socialistický zväz mládeže  |2 snkbucl  |9 51618 
651 7 |a Slovensko  |2 snkbucl  |9 14231 
655 7 |a články z novín a časopisov  |2 snkbucl  |9 267496 
773 0 |t Smena  |g Roč. 37, č. 28 (2. 2. 1984), s. 4 
850 |a Slovenská národná knižnica v Martine  |a MTA001 
852 |a SNK  |b KIS3GCP 
958 |a RK 
992 |a RBX 
999 |c 3241950  |d 3243880